000 01576nam a2200481 i 4500
001 7711
003 KOSZ 005
005 20191012120140.0
008 030509s1975 pl a f f |000 0 pol
015 _aPB 1975/2662
035 _a991020735529705066
035 _a(PL-WaBN)b15619588-48omnis_nlop
035 _ab15619588
035 _a(OCoLC)830477674
035 _a(PL)b0000001561958
035 _a(EXLNZ-48OMNIS_NETWORK)9910501929205606
040 _aWA N
_cWA N
_dKOSZ 005/EG
041 0 _apol
046 _k1975
080 _a621.9
080 _a(083.1)
100 1 _aBartosiewicz, Józef
_eAutor
245 1 0 _aPoradnik ostrzarza narzędziowego /
_cJózef Bartosiewicz, Waldemar Dedel, Romuald Kolman.
260 _aWarszawa :
_bWydawnictwa Naukowo-Techniczne,
_c1975.
300 _a498, [3] s., 1 s. tabl. :
_bil., tab., wykr. ;
_c20 cm.
336 _2rdacontent
_aTekst
_btxt
337 _2rdamedia
_aBez urządzenia pośredniczącego
_bn
338 _2rdacarrier
_aWolumin
_bnc
380 _aKsiążki
380 _aPublikacje fachowe
388 _a1901-2000
388 _a1945-1989
504 _aBibliogr.
650 7 _aOstrzarka
_2DBN
655 _aPoradniki
658 _aInżynieria i technika
700 1 _aDedel, Waldemar
_eAutor
700 1 _aKolman, Romuald
_d(1922-2016)
_eAutor
710 2 _aWydawnictwa Naukowo-Techniczne
_4pbl
856 _uhttp://koha.tu.koszalin.pl/cgi-bin/koha/opac-detail.pl?biblionumber=7711
_yKatalog online BPK
942 _2UKD
_cKS
999 _c7711
_d7711